[Event "SVK-chT 2324"]
[Site "Slovakia"]
[Date "2023.12.09"]
[Round "3.4"]
[White "Jurcik, Martin"]
[Black "Hujbert, Florian"]
[Result "1/2-1/2"]
[WhiteElo "2367"]
[BlackElo "2408"]
[PlyCount "28"]
[EventDate "2023.11.04"]
[EventType "team-tourn"]
[EventRounds "11"]
[EventCountry "SVK"]
[SourceTitle "CB04_2024"]
[SourceDate "2023.10.16"]
[SourceVersion "1"]
[SourceVersionDate "2023.10.16"]
[SourceQuality "1"]
[WhiteTeam "Cadca Caissa"]
[BlackTeam "Cebovce"]
[WhiteTeamCountry "SVK"]
[BlackTeamCountry "SVK"]

1. e4 e6 2. d4 d5 3. Nd2 c5 4. Ngf3 cxd4 5. exd5 Qxd5 6. Bc4 Qd8 7. 0-0 Nc6 8. Nb3 a6 9. Nbxd4 Nxd4 10. Qxd4 Qxd4 11. Nxd4 Bd7 12. c3 Bd6 13. Rd1 Bc7 14. Be3 Nf6 1/2-1/2

[Event "SVK-chT 2223"]
[Site "Slovakia"]
[Date "2023.04.02"]
[Round "11.3"]
[White "Roubalik, Jakub"]
[Black "Jurcik, Martin"]
[Result "1/2-1/2"]
[WhiteElo "2372"]
[BlackElo "2391"]
[PlyCount "38"]
[EventDate "2022.10.22"]
[EventType "team-tourn"]
[EventRounds "11"]
[EventCountry "SVK"]
[SourceTitle "EXT 2024"]
[Source "ChessBase"]
[SourceDate "2023.10.10"]
[SourceVersion "1"]
[SourceVersionDate "2023.10.10"]
[SourceQuality "1"]
[WhiteTeam "Dubnica nad Vahom"]
[BlackTeam "Zilina Mladost"]
[WhiteTeamCountry "SVK"]
[BlackTeamCountry "SVK"]

1. d4 Nf6 2. c4 e6 3. Nc3 Bb4 4. e3 0-0 5. Bd3 c5 6. Nf3 b6 7. Bd2 cxd4 8. exd4 d5 9. cxd5 Nxd5 10. 0-0 Bb7 11. Qe2 Nd7 12. Rac1 Bd6 13. Nxd5 Bxd5 14. a3 Nf6 15. Bg5 Be7 16. Rfd1 Rc8 17. Rxc8 Qxc8 18. Ne5 Bb7 19. Bb1 Qd8 1/2-1/2

[Event "CZE-chT 2223"]
[Site "Czech Republic"]
[Date "2023.02.19"]
[Round "8.2"]
[White "Jurcik, Martin"]
[Black "Sprenar, Petr"]
[Result "1/2-1/2"]
[WhiteElo "2391"]
[BlackElo "2282"]
[PlyCount "82"]
[EventDate "2022.10.15"]
[EventType "team-tourn"]
[EventRounds "11"]
[EventCountry "CZE"]
[SourceTitle "CBM 213 Extra"]
[Source "ChessBase"]
[SourceDate "2023.05.31"]
[SourceVersion "1"]
[SourceVersionDate "2023.05.31"]
[SourceQuality "1"]
[WhiteTeam "Unichess"]
[BlackTeam "Ingem Line"]
[WhiteTeamCountry "CZE"]
[BlackTeamCountry "CZE"]

1. e4 c5 2. Nf3 e6 3. d4 cxd4 4. Nxd4 Nc6 5. Nc3 Qc7 6. g3 a6 7. Bg2 Nf6 8. 0-0 Nxd4 9. Qxd4 Bc5 10. Bf4 d6 11. Qd2 h6 12. Rad1 e5 13. Be3 Be6 14. Bxc5 dxc5 15. Rfe1 0-0 16. Qd6 Qxd6 17. Rxd6 Rfd8 18. Red1 Rxd6 19. Rxd6 Kf8 20. Rb6 Rb8 21. Nd5 Bxd5 22. exd5 Nd7 23. Rb3 b5 24. Rd3 c4 25. Rd1 Nf6 26. d6 Ke8 27. Bh3 Kd8 28. f3 Rb6 29. Kf2 Ne8 30. d7 Nc7 31. Ke3 Ne6 32. Rd5 Ng5 33. Bg4 g6 34. h4 Ne6 35. h5 f5 36. Bh3 f4+ 37. Kf2 fxg3+ 38. Kxg3 Nf4 39. Rxe5 Nxh3 40. Kxh3 Kxd7 41. Kg4 Rf6 1/2-1/2

[Event "CZE-chT 2223"]
[Site "Czech Republic"]
[Date "2023.01.08"]
[Round "6.1"]
[White "Vrolijk, Liam"]
[Black "Jurcik, Martin"]
[Result "1-0"]
[WhiteElo "2483"]
[BlackElo "2391"]
[PlyCount "47"]
[EventDate "2022.10.15"]
[EventType "team-tourn"]
[EventRounds "11"]
[EventCountry "CZE"]
[SourceTitle "CBM 213 Extra"]
[Source "ChessBase"]
[SourceDate "2023.05.31"]
[SourceVersion "1"]
[SourceVersionDate "2023.05.31"]
[SourceQuality "1"]
[WhiteTeam "Lysa nad Labem"]
[BlackTeam "Unichess"]
[WhiteTeamCountry "CZE"]
[BlackTeamCountry "CZE"]

1. Nf3 c5 2. c4 Nf6 3. Nc3 d5 4. cxd5 Nxd5 5. e3 e6 6. Bc4 Nb6 7. Be2 Nc6 8. b3 Be7 9. 0-0 0-0 10. Bb2 e5 11. d4 exd4 12. exd4 cxd4 13. Nb5 Bg4 14. Nfxd4 Nxd4 15. Bxd4 Bxe2 16. Qxe2 Re8 17. Rad1 Bf8 18. Qf3 Qe7 19. Rc1 Qd7 20. Rc7 Qd5 21. Rxb7 Qxf3 22. gxf3 Re7 23. Rxe7 Bxe7 24. Rc1 1-0

[Event "CZE-chT 2122"]
[Site "Czech Republic"]
[Date "2022.04.09"]
[Round "14.6"]
[White "Roubalik, Jakub"]
[Black "Jurcik, Martin"]
[Result "1/2-1/2"]
[WhiteElo "2391"]
[BlackElo "2401"]
[PlyCount "52"]
[EventDate "2021.10.15"]
[EventType "team-tourn"]
[EventRounds "15"]
[EventCountry "CZE"]
[SourceTitle "EXT 2023"]
[Source "ChessBase"]
[SourceDate "2022.10.05"]
[SourceVersion "1"]
[SourceVersionDate "2022.10.05"]
[SourceQuality "1"]
[WhiteTeam "Brno Moravska Slavia"]
[BlackTeam "Unichess"]
[WhiteTeamCountry "CZE"]
[BlackTeamCountry "CZE"]

1. d4 d5 2. c4 e6 3. Nc3 dxc4 4. e4 c5 5. d5 Nf6 6. Bxc4 exd5 7. Nxd5 Be6 8. Bf4 Bxd5 9. exd5 Bd6 10. Qe2+ Kf8 11. Be3 Nbd7 12. Nf3 a6 13. a4 b5 14. Bb3 c4 15. Bc2 Qa5+ 16. Nd2 c3 17. bxc3 Qxc3 18. Ra2 bxa4 19. 0-0 Qc7 20. h3 Nxd5 21. Qf3 N7f6 22. Bxa4 Rb8 23. Bd4 Nb4 24. Raa1 Qb7 25. Qe2 Qd5 26. Nf3 Qe4 1/2-1/2

[Event "CZE-chT 2122"]
[Site "Czech Republic"]
[Date "2022.04.08"]
[Round "13.6"]
[White "Jurcik, Martin"]
[Black "Burdalev, Kirill"]
[Result "1/2-1/2"]
[WhiteElo "2401"]
[BlackElo "2374"]
[PlyCount "29"]
[EventDate "2021.10.15"]
[EventType "team-tourn"]
[EventRounds "15"]
[EventCountry "CZE"]
[SourceTitle "EXT 2023"]
[Source "ChessBase"]
[SourceDate "2022.10.05"]
[SourceVersion "1"]
[SourceVersionDate "2022.10.05"]
[SourceQuality "1"]
[WhiteTeam "Unichess"]
[BlackTeam "Praha Dopravni Podnik"]
[WhiteTeamCountry "CZE"]
[BlackTeamCountry "CZE"]

1. c4 e6 2. g3 d5 3. Bg2 d4 4. Nf3 Nc6 5. 0-0 Nf6 6. e3 Be7 7. exd4 Nxd4 8. Nxd4 Qxd4 9. d3 0-0 10. Qe2 e5 11. Be3 Qd6 12. Nc3 Bg4 13. Qc2 c6 14. h3 Bf5 15. Rad1 1/2-1/2

[Event "SVK-chT 2122"]
[Site "Slovakia"]
[Date "2022.03.13"]
[Round "6.5"]
[White "Karas, Marek"]
[Black "Jurcik, Martin"]
[Result "0-1"]
[WhiteElo "2287"]
[BlackElo "2401"]
[PlyCount "94"]
[EventDate "2021.10.23"]
[EventType "team-tourn"]
[EventRounds "11"]
[EventCountry "SVK"]
[SourceTitle "EXT 2023"]
[Source "ChessBase"]
[SourceDate "2022.10.05"]
[SourceVersion "1"]
[SourceVersionDate "2022.10.05"]
[SourceQuality "1"]
[WhiteTeam "Osuske"]
[BlackTeam "Zilina Mladost"]
[WhiteTeamCountry "SVK"]
[BlackTeamCountry "SVK"]

1. d4 Nf6 2. Nf3 e6 3. c4 Bb4+ 4. Nc3 b6 5. e3 Bb7 6. Bd2 0-0 7. Bd3 d5 8. cxd5 exd5 9. Ne5 a6 10. 0-0 Bd6 11. f4 c5 12. Qf3 Nc6 13. Be1 cxd4 14. Nxc6 Bxc6 15. exd4 Be7 16. Bf2 b5 17. a3 Qd7 18. Rfe1 Rfe8 19. h3 a5 20. g4 b4 21. axb4 axb4 22. Ne2 Rxa1 23. Rxa1 Ne4 24. Ng3 Bh4 25. Kg2 g6 26. Be1 Bxg3 27. Bxg3 Nxg3 28. Qxg3 Bb5 29. Bxb5 Qxb5 30. Re1 Re2+ 31. Rxe2 Qxe2+ 32. Qf2 Qd3 33. f5 g5 34. f6 Qe4+ 35. Kh2 h6 36. Kg3 b3 37. h4 h5 38. gxh5 Qxh4+ 39. Kg2 Qxh5 40. Qf5 Qe2+ 41. Kg3 Qe3+ 42. Kg4 Qxd4+ 43. Kxg5 Qe3+ 44. Kh5 Qe4 45. Qc8+ Kh7 46. Qd8 Qf5+ 47. Kh4 Kg6 0-1

[Event "CZE-chT 2122"]
[Site "Czech Republic"]
[Date "2022.01.30"]
[Round "8.2"]
[White "Bulockin, Martin"]
[Black "Jurcik, Martin"]
[Result "0-1"]
[WhiteElo "2315"]
[BlackElo "2401"]
[PlyCount "120"]
[EventDate "2021.10.15"]
[EventType "team-tourn"]
[EventRounds "15"]
[EventCountry "CZE"]
[SourceTitle "EXT 2023"]
[Source "ChessBase"]
[SourceDate "2022.10.05"]
[SourceVersion "1"]
[SourceVersionDate "2022.10.05"]
[SourceQuality "1"]
[WhiteTeam "Pardubice"]
[BlackTeam "Unichess"]
[WhiteTeamCountry "CZE"]
[BlackTeamCountry "CZE"]

1. e4 e6 2. d4 d5 3. Nd2 c5 4. exd5 Qxd5 5. Ngf3 cxd4 6. Bc4 Qd7 7. 0-0 Nc6 8. Nb3 a6 9. Nbxd4 Nxd4 10. Nxd4 Qc7 11. Be2 Bd6 12. g3 Ne7 13. c3 e5 14. Nc2 0-0 15. Bf3 Be6 16. Bg2 Rad8 17. Bd2 Bc5 18. Qc1 Rd7 19. Be3 Rfd8 20. Bxc5 Qxc5 21. Qe3 Qc7 22. Rfe1 f6 23. Nd4 Bf7 24. Nb3 b6 25. Bf1 a5 26. Nc1 Rd6 27. Bb5 Bd5 28. Bd3 Qb7 29. Qe2 Bf3 30. Bc4+ Kh8 31. Qf1 Rd2 32. b4 Nd5 33. Nb3 Rc2 34. bxa5 bxa5 35. Ba6 Qc7 36. Be2 Bxe2 37. Rxe2 Rxe2 38. Qxe2 Nxc3 39. Qe3 a4 40. Nc5 Rc8 41. Qxc3 Qxc5 42. Qxc5 Rxc5 43. Rb1 h5 44. Rb8+ Kh7 45. Ra8 Rc4 46. h4 Kg6 47. Ra7 Kf5 48. Rxg7 Rc2 49. g4+ hxg4 50. h5 Rxa2 51. h6 Ra3 52. h7 Rh3 53. Kg2 e4 54. Ra7 Kf4 55. Rf7 f5 56. Ra7 a3 57. Rxa3 Rxh7 58. Ra4 Rd7 59. Ra5 Rd3 60. Ra4 g3 0-1

[Event "CZE-chT 2122"]
[Site "Czech Republic"]
[Date "2021.11.07"]
[Round "4.4"]
[White "Olsarova, Karolina"]
[Black "Jurcik, Martin"]
[Result "1/2-1/2"]
[WhiteElo "2294"]
[BlackElo "2401"]
[PlyCount "67"]
[EventDate "2021.10.15"]
[EventType "team-tourn"]
[EventRounds "15"]
[EventCountry "CZE"]
[SourceTitle "EXT 2023"]
[Source "ChessBase"]
[SourceDate "2022.10.05"]
[SourceVersion "1"]
[SourceVersionDate "2022.10.05"]
[SourceQuality "1"]
[WhiteTeam "Poruba Slavoj"]
[BlackTeam "Unichess"]
[WhiteTeamCountry "CZE"]
[BlackTeamCountry "CZE"]

1. e4 e5 2. Nf3 Nc6 3. Bc4 Nf6 4. d3 h6 5. Nbd2 g6 6. Bb3 Bg7 7. Nc4 d6 8. a4 Be6 9. 0-0 0-0 10. Re1 a5 11. h3 Kh7 12. c3 Re8 13. Ne3 Bxb3 14. Qxb3 Qd7 15. Bd2 b6 16. Rad1 Nd8 17. Qc2 Nb7 18. Nc4 Nc5 19. b3 Qc6 20. Be3 Rad8 21. Bxc5 Qxc5 22. d4 exd4 23. cxd4 Qb4 24. Nb2 d5 25. Nd3 Qe7 26. exd5 Qd6 27. Nde5 Kg8 28. Qc4 Nxd5 29. Rc1 Re6 30. Qb5 Nb4 31. Re3 Nd5 32. Ree1 Nb4 33. Re3 Nd5 34. Ree1 1/2-1/2

[Event "Pardubice Czech op-E 32nd"]
[Site "Pardubice"]
[Date "2021.07.17"]
[Round "5.3"]
[White "Hollan, Martin"]
[Black "Jurcik, Martin"]
[Result "1/2-1/2"]
[WhiteElo "2343"]
[BlackElo "2395"]
[PlyCount "44"]
[EventDate "2021.07.15"]
[EventType "team-swiss"]
[EventRounds "7"]
[EventCountry "CZE"]
[SourceTitle "CBM 203 Extra"]
[Source "ChessBase"]
[SourceDate "2021.09.30"]
[SourceVersion "1"]
[SourceVersionDate "2021.09.30"]
[SourceQuality "1"]
[WhiteTeam "Praha Oaza"]
[BlackTeam "Unichess Penguins"]
[WhiteTeamCountry "CZE"]
[BlackTeamCountry "CZE"]

1. d4 d6 2. Nf3 g6 3. c4 Bg7 4. Nc3 Nd7 5. e4 e5 6. d5 Ne7 7. h4 Nf6 8. Be2 c6 9. Rb1 0-0 10. Ng5 h6 11. Nh3 b5 12. dxc6 b4 13. Nb5 Nxc6 14. Nxd6 Bxh3 15. Rxh3 Nd4 16. Nb5 Nxe4 17. Nxd4 exd4 18. Bd3 Re8 19. Kf1 h5 20. Bxe4 Rxe4 21. Bg5 Qc7 22. Qd3 Rae8 1/2-1/2

[Event "Pardubice Czech op-E 32nd"]
[Site "Pardubice"]
[Date "2021.07.15"]
[Round "1.3"]
[White "Cekan, Petr1111"]
[Black "Jurcik, Martin"]
[Result "0-1"]
[WhiteElo "1952"]
[BlackElo "2395"]
[PlyCount "44"]
[EventDate "2021.07.15"]
[EventType "team-swiss"]
[EventRounds "7"]
[EventCountry "CZE"]
[SourceTitle "CBM 203 Extra"]
[Source "ChessBase"]
[SourceDate "2021.09.30"]
[SourceVersion "1"]
[SourceVersionDate "2021.09.30"]
[SourceQuality "1"]
[WhiteTeam "Cesky Slavoj"]
[BlackTeam "Unichess Penguins"]
[WhiteTeamCountry "CZE"]
[BlackTeamCountry "CZE"]

1. e4 g6 2. d4 Bg7 3. Nf3 d6 4. Be3 Nf6 5. Nc3 a6 6. e5 Ng4 7. Bc4 Nxe3 8. fxe3 dxe5 9. dxe5 Qxd1+ 10. Rxd1 e6 11. Ne4 Nd7 12. 0-0 h6 13. b4 Nxe5 14. Nxe5 Bxe5 15. Nf6+ Ke7 16. Ng4 Bg7 17. e4 h5 18. Nf2 Bd7 19. Nh3 Bh6 20. Rf3 Rhd8 21. Rdf1 Be8 22. a4 Rd4 0-1

[Event "SVK-chT 1920"]
[Site "Slovakia"]
[Date "2020.09.04"]
[Round "9.8"]
[White "Jurcik, Martin"]
[Black "Vrchovsky, Viliam"]
[Result "1-0"]
[WhiteElo "2358"]
[BlackElo "1913"]
[PlyCount "63"]
[EventDate "2019.10.19"]
[EventType "team-tourn"]
[EventRounds "11"]
[EventCountry "SVK"]
[SourceTitle "EXT 2021"]
[Source "ChessBase"]
[SourceDate "2020.10.23"]
[SourceVersion "1"]
[SourceVersionDate "2020.10.23"]
[SourceQuality "1"]
[WhiteTeam "Zilina Mladost"]
[BlackTeam "Dunajov Inbest"]
[WhiteTeamCountry "SVK"]
[BlackTeamCountry "SVK"]

1. e4 g6 2. d4 Bg7 3. Nc3 e6 4. f4 Ne7 5. Nf3 d5 6. e5 Nbc6 7. Be3 Bd7 8. Qd2 a6 9. Bf2 b5 10. Ne2 Qb8 11. Nc1 Qb6 12. Nb3 h5 13. Bd3 Nf5 14. 0-0 Bf8 15. c3 Be7 16. Rfc1 h4 17. Nc5 Na5 18. b3 Nb7 19. c4 Bc6 20. cxb5 axb5 21. Nxb7 Bxb7 22. a4 b4 23. Rc2 c6 24. Rac1 Rc8 25. h3 Kd7 26. Qe1 Ba6 27. Qe2 Bxd3 28. Qxd3 Rh5 29. Kh2 Bf8 30. Ng5 Bh6 31. Be3 Bxg5 32. fxg5 1-0

[Event "SVK-chT 1920"]
[Site "Slovakia"]
[Date "2020.03.01"]
[Round "8.2"]
[White "Jurcik, Martin"]
[Black "Petran, Peter"]
[Result "1/2-1/2"]
[WhiteElo "2358"]
[BlackElo "2271"]
[PlyCount "53"]
[EventDate "2019.10.19"]
[EventType "team-tourn"]
[EventRounds "11"]
[EventCountry "SVK"]
[SourceTitle "CBM 195 Extra"]
[Source "ChessBase"]
[SourceDate "2020.05.31"]
[SourceVersion "1"]
[SourceVersionDate "2020.05.31"]
[SourceQuality "1"]
[WhiteTeam "Zilina Mladost"]
[BlackTeam "Bratislava Slovan"]
[WhiteTeamCountry "SVK"]
[BlackTeamCountry "SVK"]

1. e4 g6 2. d4 Bg7 3. Nc3 c6 4. f4 d5 5. e5 Nh6 6. Be3 f6 7. h3 Nf5 8. Bf2 fxe5 9. dxe5 d4 10. Ne4 Qa5+ 11. Qd2 Qxd2+ 12. Kxd2 Bh6 13. g3 Be6 14. Nf3 Bd5 15. Bd3 c5 16. b3 Ng7 17. h4 Nd7 18. Ke2 0-0-0 19. Rhd1 Rdf8 20. Rac1 Ne6 21. Nfg5 Bxg5 22. hxg5 b5 23. c4 bxc4 24. bxc4 Bc6 25. Rh1 Rf7 26. Rh2 Rd8 27. Be1 1/2-1/2

[Event "SVK-chT 1920"]
[Site "Slovakia"]
[Date "2019.10.20"]
[Round "2.2"]
[White "Jurcik, Martin"]
[Black "Tropp, Oliver"]
[Result "1-0"]
[WhiteElo "2360"]
[BlackElo "2157"]
[PlyCount "61"]
[EventDate "2019.10.19"]
[EventType "team-tourn"]
[EventRounds "11"]
[EventCountry "SVK"]
[SourceTitle "CBM 192 Extra"]
[Source "Chessbase"]
[SourceDate "2019.11.06"]
[SourceVersion "1"]
[SourceVersionDate "2019.11.06"]
[SourceQuality "1"]
[WhiteTeam "Zilina Mladost"]
[BlackTeam "Liptov Chess School"]
[WhiteTeamCountry "SVK"]
[BlackTeamCountry "SVK"]

1. e4 e6 2. d4 d5 3. Nd2 Nf6 4. e5 Nfd7 5. Bd3 c5 6. c3 b6 7. Ndf3 Be7 8. Ne2 Ba6 9. Bb1 Nc6 10. 0-0 g5 11. Be3 g4 12. Ne1 Bg5 13. Qd2 Bxe3 14. Qxe3 cxd4 15. cxd4 Bxe2 16. Qxe2 Qg5 17. f4 gxf3 18. Nxf3 Qf4 19. Qf2 Rc8 20. g3 Qg4 21. Bc2 a6 22. Rad1 b5 23. Bb1 0-0 24. Qd2 Qg7 25. Ng5 Nxd4 26. Nxh7 Rc4 27. Nxf8 Nxe5 28. Kh1 Ndf3 29. Qe2 Kxf8 30. Rxf3 Qg4 31. Rf2 1-0

[Event "CZE-chT 1920"]
[Site "Czech Republic"]
[Date "2019.10.12"]
[Round "1.1"]
[White "Jurcik, Martin"]
[Black "Vyskocil, Neklan"]
[Result "1/2-1/2"]
[WhiteElo "2360"]
[BlackElo "2295"]
[PlyCount "33"]
[EventDate "2019.10.12"]
[EventType "team-tourn"]
[EventRounds "11"]
[EventCountry "CZE"]
[SourceTitle "EXT 2020"]
[Source "ChessBase"]
[SourceDate "2019.10.17"]
[SourceVersion "1"]
[SourceVersionDate "2019.10.17"]
[SourceQuality "1"]
[WhiteTeam "Unichess"]
[BlackTeam "Brno Duras"]
[WhiteTeamCountry "CZE"]
[BlackTeamCountry "CZE"]

1. Nf3 g6 2. e4 Bg7 3. d4 d6 4. Bc4 Nf6 5. Qe2 c6 6. Bb3 0-0 7. 0-0 Na6 8. h3 d5 9. Nc3 e6 10. e5 Nd7 11. Bg5 Qe8 12. Nd1 f6 13. exf6 Nxf6 14. Nc3 Nh5 15. Qe3 Qf7 16. Ne2 Nc7 17. Bh6 1/2-1/2

[Event "CZE-chT 1819"]
[Site "Czech Republic"]
[Date "2019.04.21"]
[Round "11.2"]
[White "Markowski, Tomasz"]
[Black "Jurcik, Martin"]
[Result "1/2-1/2"]
[WhiteElo "2551"]
[BlackElo "2331"]
[PlyCount "60"]
[EventDate "2018.11.03"]
[EventType "team-tourn"]
[EventRounds "11"]
[EventCountry "CZE"]
[SourceTitle "CBM 190 Extra"]
[Source "ChessBase"]
[SourceDate "2019.07.15"]
[SourceVersion "1"]
[SourceVersionDate "2019.07.15"]
[SourceQuality "1"]
[WhiteTeam "Poruba Slavoj"]
[BlackTeam "Unichess II"]
[WhiteTeamCountry "CZE"]
[BlackTeamCountry "CZE"]

1. c4 c5 2. g3 Nc6 3. Bg2 g6 4. Nc3 Bg7 5. b3 d6 6. Bb2 e5 7. d3 Nge7 8. Nf3 0-0 9. 0-0 h6 10. a3 Be6 11. Nd2 Qd7 12. Nd5 Bh3 13. Rb1 Bxg2 14. Kxg2 f5 15. b4 Rf7 16. bxc5 dxc5 17. e4 fxe4 18. dxe4 Raf8 19. Bc3 Nd4 20. Bxd4 cxd4 21. Qb3 b6 22. Qb5 Nxd5 23. Qxd5 Qe7 24. Rb3 Kh7 25. Qc6 Rf6 26. Qa4 h5 27. Rd3 Bh6 28. Nf3 Rc8 29. Qb4 Rc5 30. Nd2 Bxd2 1/2-1/2

[Event "SVK-chT 1819"]
[Site "Slovakia"]
[Date "2019.03.10"]
[Round "8.6"]
[White "Jurcik, Martin"]
[Black "Bagi, Mate"]
[Result "1/2-1/2"]
[WhiteElo "2333"]
[BlackElo "2444"]
[PlyCount "38"]
[EventDate "2018.11.10"]
[EventType "team-tourn"]
[EventRounds "11"]
[EventCountry "SVK"]
[SourceTitle "CBM 189 Extra"]
[Source "ChessBase"]
[SourceDate "2019.06.03"]
[SourceVersion "1"]
[SourceVersionDate "2019.06.03"]
[SourceQuality "1"]
[WhiteTeam "Dunajov Inbest"]
[BlackTeam "Dunajska Streda"]
[WhiteTeamCountry "SVK"]
[BlackTeamCountry "SVK"]

1. e4 e5 2. Nf3 Nc6 3. d4 exd4 4. Nxd4 Nf6 5. Nxc6 bxc6 6. Bd3 d5 7. exd5 cxd5 8. 0-0 Be7 9. h3 0-0 10. Nd2 c5 11. b3 Be6 12. Bb2 a5 13. a4 Rb8 14. Bb5 Ne8 15. Qf3 Bf6 16. Bxf6 Nxf6 17. Rfe1 Qc7 18. Re2 Rfd8 19. Rae1 h6 1/2-1/2

[Event "CZE-chT 1819"]
[Site "Czech Republic"]
[Date "2019.02.10"]
[Round "8.2"]
[White "Jurcik, Martin"]
[Black "Blahynka, Martin"]
[Result "1/2-1/2"]
[WhiteElo "2331"]
[BlackElo "2426"]
[PlyCount "88"]
[EventDate "2018.11.03"]
[EventType "team-tourn"]
[EventRounds "11"]
[EventCountry "CZE"]
[SourceTitle "CBM 188 Extra"]
[Source "ChessBase"]
[SourceDate "2019.02.26"]
[SourceVersion "1"]
[SourceVersionDate "2019.02.26"]
[SourceQuality "1"]
[WhiteTeam "Unichess II"]
[BlackTeam "Brno Duras"]
[WhiteTeamCountry "CZE"]
[BlackTeamCountry "CZE"]

1. e4 e5 2. Nf3 Nc6 3. Bc4 Bc5 4. c3 Nf6 5. d3 a6 6. a4 0-0 7. Bg5 h6 8. Bh4 d6 9. Nbd2 Be6 10. 0-0 Qe7 11. Re1 Rab8 12. a5 Bxc4 13. Nxc4 Qe6 14. Ra4 Ba7 15. d4 exd4 16. cxd4 d5 17. exd5 Qxd5 18. Bxf6 gxf6 19. Ne3 Qh5 20. d5 Ne5 21. Nxe5 Qxd1 22. Rxd1 fxe5 23. Nf5 Rfd8 24. Rg4+ Kf8 25. Nxh6 Ke7 26. Rd3 b6 27. Rc4 bxa5 28. Rxc7+ Rd7 29. Nf5+ Kd8 30. Rxd7+ Kxd7 31. Rd2 Rb4 32. g3 Bd4 33. Nxd4 exd4 34. Kg2 Kd6 35. Kf3 Kxd5 36. Kf4 a4 37. h4 a3 38. bxa3 Rb1 39. Rc2 d3 40. Rc7 Kd4 41. Rd7+ Kc3 42. Rc7+ Kd4 43. Rd7+ Kc3 44. Rc7+ Kd4 1/2-1/2